书目信息 |
| 题名: |
东京梦华录笺注
|
|
| 作者: | 孟元老, 撰 ;伊永文 笺注 | |
| 分册: | ||
| 出版信息: | 北京 中华书局 2021.08 |
|
| 页数: | 770页 | |
| 开本: | 21cm | |
| 丛书名: | 中华国学文库 | |
| 单 册: | ||
| 中图分类: | K296.13 | |
| 科图分类: | ||
| 主题词: | ||
| 电子资源: | ||
| ISBN: | 978-7-101-15186-2 | |
| 000 | 01413nam 2200277 450 | |
| 001 | CAL 0120217247712 | |
| 005 | 20230217093112.0 | |
| 010 | @a978-7-101-15186-2@b精装@dCNY78.00 | |
| 100 | @a20210910d2021 em y0chiy0120 ea | |
| 101 | 0 | @achi |
| 102 | @aCN@b110000 | |
| 105 | @aa z 000yy | |
| 106 | @ar | |
| 200 | 1 | @a东京梦华录笺注@Adong jing meng hua lu jian zhu@f(宋) 孟元老撰@g伊永文笺注 |
| 210 | @a北京@c中华书局@d2021.08 | |
| 215 | @a770页@c图@d21cm | |
| 225 | 2 | @a中华国学文库@Azhong hua guo xue wen ku |
| 330 | @a《东京梦华录》共十卷, 成书于南宋绍兴十七年 (1147), 记录了北宋徽宗崇宁至宣和年间 (1102-1125) 东京开封府的情况。其中卷一记述都城东京的概貌, 包括皇宫建筑、官署布局 ; 卷二至卷五描绘东京当时的街坊、寺观、桥巷等, 既有皇家礼仪和王公贵族的奢华生活, 又有市井小民的风土人情 ; 卷六至卷十讲解当时的岁时节令, 民俗风尚。《东京梦华录》是研究北宋时期社会经济、风俗文化、城市生活的一部重要历史文献。《东京梦华录笺注》, 在扎实的学术研究基础上, 汇集大量相关史料、文学作品注解原书, 并配有大量插图, 使读者更直观地理解当时的建筑风格、武器装备、饮食特色等, 提高了本书的可读性。 | |
| 410 | 0 | @12001 @a中华国学文库 |
| 605 | @a东京梦华录@Adong jing meng hua lu@x注释 | |
| 607 | @a开封@Akai feng@x地方志@z北宋@x史料 | |
| 690 | @aK296.13@v5 | |
| 701 | 0 | @a孟元老,@Ameng yuan lao@f宋代@4撰 |
| 702 | 0 | @a伊永文@Ayi yong wen@4笺注 |
| 801 | 0 | @aCN@bBJXHZP@c20230228 |
| 905 | @b1390737-40@dK296.13@e525@f4 | |
| 东京梦华录笺注/(宋) 孟元老撰/伊永文笺注.-北京:中华书局,2021.08 |
| 770页:图;21cm.-(中华国学文库) |
| ISBN 978-7-101-15186-2(精装):CNY78.00 |
| 《东京梦华录》共十卷, 成书于南宋绍兴十七年 (1147), 记录了北宋徽宗崇宁至宣和年间 (1102-1125) 东京开封府的情况。其中卷一记述都城东京的概貌, 包括皇宫建筑、官署布局 ; 卷二至卷五描绘东京当时的街坊、寺观、桥巷等, 既有皇家礼仪和王公贵族的奢华生活, 又有市井小民的风土人情 ; 卷六至卷十讲解当时的岁时节令, 民俗风尚。《东京梦华录》是研究北宋时期社会经济、风俗文化、城市生活的一部重要历史文献。《东京梦华录笺注》, 在扎实的学术研究基础上, 汇集大量相关史料、文学作品注解原书, 并配有大量插图, 使读者更直观地理解当时的建筑风格、武器装备、饮食特色等, 提高了本书的可读性。 |
| ● |
| 相关链接 |
|
|
|
|
正题名:东京梦华录笺注
索取号:K296.13/525
 
预约/预借
| 序号 | 登录号 | 条形码 | 馆藏地/架位号 | 状态 | 备注 |
| 1 | 1390737 | 213907370 | 第二样本阅览室/ [索取号:K296.13/525] | 在馆 | |
| 2 | 1390738 | 213907389 | 第二借阅区/ [索取号:K296.13/525] | 在馆 | |
| 3 | 1390739 | 213907398 | 第二借阅区/ [索取号:K296.13/525] | 在馆 | |
| 4 | 1390740 | 213907405 | 第二借阅区/ [索取号:K296.13/525] | 在馆 |